مكتبة جامعة عجلون الوطنية

فهرس بحث المكتبة

Normal view MARC view
  • Listening Strategies

Entry Topical Term

Number of records used in: 1

001 - CONTROL NUMBER

  • control field: 5801

003 - CONTROL NUMBER IDENTIFIER

  • control field: JO-AjAnu

005 - DATE AND TIME OF LATEST TRANSACTION

  • control field: 20230606071237.0

008 - FIXED-LENGTH DATA ELEMENTS

  • fixed length control field: 230606|| aca||aabn | a|a d

040 ## - CATALOGING SOURCE

  • Original cataloging agency: JO-AjAnu
  • Transcribing agency: JO-AjAnu

150 ## - HEADING--TOPICAL TERM

  • Topical term or geographic name entry element: Listening Strategies

670 ## - SOURCE DATA FOUND

  • Source citation: Work cat.: (JO-AjAnu)3006: Preparation Break,Malik Muneer, Mahmoud Yousef Rababah, Musaab Sameh Al Maghaireh؛ Supervisor Mahmoud AL-Sobh, Co Supervisor Abeer Al-Ghazo, author 5800, Listening Strategies Used by EFL Students At Ajloun National University